Zatch Bell Mamodo by Spells Quiz Stats

Quiz not verified by Sporcle

Challenge
Share
Tweet
Embed
Score 0/32 Timer 07:00
0 Plays Today
Spells Mamodo % Correct
Bao Zakeruga, RauzarukZatch
90.7%
Saifogeo, Ma SeshieldTia
86.6%
Reis, Dioga GravidonBrago
86.6%
Zaker, TeozakerZeno
82.8%
Poruk, Dima BurukKanchome
79%
Radom, Dioga TeoradomZofis
74.2%
Gou ShudorukPonygon
73.9%
Zonis, Gigano ZonisBari
68%
Zeruk, ZerusenKolulu
64.6%
Rigron, RigrosenRops
59.8%
JiorukDanny
59.8%
Fanon Riou DiouRiou
59.8%
Akuru, Suo GiakuruPenny
59.1%
Migron, MishieldLaila
59.1%
Zegar, Mikor Ma ZegargaKido
58.1%
Redoruk, Rao DiborenWonrei
57%
Spells Mamodo % Correct
Dareido, PoreidoPurio
52.2%
Mikeru, DoremikeruYopopo
50.9%
Sorusen, Barubarosu SorudonEarth
50.9%
Dioga KofarudonCherish
47.1%
Maguneshield, MagunerugaMaestro
44.3%
Zemoruk, Girugadomu BarusurukDemolt
41.6%
Sekan NaguruTed
39.2%
Dioga GinisudonKeys
35.1%
Mageruga, Chager ImisdonVictoreem
34.7%
Faruga, Dioga FarusudonPamoon
32%
GidorukKarudio
31.6%
Garubanio, Ganzu NiosenRiya
29.6%
Raja NyurusenByonko
27.8%
Oru NorozioMomon
25.1%
Gigano RyusuBelgim EO
25.1%
Dioga RagyuruRodeux
18.6%

You're not logged in!

Compare scores with friends on all Sporcle quizzes.
Join for Free
OR
Log In

You Might Also Like...

Show Comments

Extras

Top Quizzes Today


Score Distribution

Your Account Isn't Verified!

In order to create a playlist on Sporcle, you need to verify the email address you used during registration. Go to your Sporcle Settings to finish the process.

Report this User

Report this user for behavior that violates our Community Guidelines.

Details: